000 00688nam a2200289Ia 4500
005 20260324133159.0
008 008 260324s9999 xx 000 0 eng d
020 _a9781315864914
037 _aEBOOK
040 _aCRL
040 _beng
040 _cCRL
041 _2eng
041 _aeng
084 _qCRL
100 _aCharles R Anderson
_91192098
245 0 _aPuzzles and Essays from 'The Exchange'
245 0 _bTricky Reference Questions
260 _bTaylor and Francis
260 _c2003
365 _a
365 _b145
856 _uhttp://www.taylorfrancis.com/books/9781315864914
942 _cEBOOK
999 _c1790923
_d1790923